[Event "San Francisco Grey Memorial"]
[Site "San Francisco"]
[Date "2017.08.08"]
[Round "1"]
[White "Frank, Robert"]
[Black "Erickson, Lane Austin"]
[Result "1/2-1/2"]
[WhiteElo "1243"]
[BlackElo "1689"]
[PlyCount "75"]
[EventDate "2017.08.08"]
[EventType "swiss"]
[EventRounds "9"]
[EventCountry "USA"]
[SourceTitle "EXT 2023"]
[Source "ChessBase"]
[SourceDate "2022.10.05"]
[SourceVersion "1"]
[SourceVersionDate "2022.10.05"]
[SourceQuality "1"]

1. d4 f6 2. Nf3 Kf7 3. c4 e6 4. e4 b6 5. e5 Bb7 6. exf6 Nxf6 7. Ne5+ Kg8 8. Bg5 Be7 9. Nd2 c5 10. Ndf3 d6 11. Nd3 cxd4 12. Nxd4 Kf7 13. Qe2 Ne4 14. Nxe6 Kxe6 15. Qg4+ Kf7 16. Qh5+ g6 17. Qf3+ Kg7 18. Bxe7 Qxe7 19. Qe3 Re8 20. 0-0-0 Nc5 21. Qd4+ Qf6 22. Qxf6+ Kxf6 23. Nf4 Nc6 24. Nd5+ Ke6 25. Nc7+ Kd7 26. Nxa8 Bxa8 27. f3 Ne5 28. b3 Nxf3 29. gxf3 Bxf3 30. Bh3+ Kc6 31. Rhe1 Rxe1 32. Rxe1 Nd3+ 33. Kd2 Nxe1 34. Kxe1 g5 35. Kf2 Bd1 36. Bf5 h6 37. Be4+ Kc5 38. h3 1/2-1/2

[Event "San Francisco TNM Summer op"]
[Site "San Francisco"]
[Date "2017.07.11"]
[Round "7"]
[White "Erickson, Lane Austin"]
[Black "Riese, Kayven"]
[Result "1-0"]
[WhiteElo "1681"]
[BlackElo "1938"]
[PlyCount "61"]
[EventDate "2017.05.23"]
[EventType "swiss"]
[EventRounds "8"]
[EventCountry "USA"]
[SourceTitle "EXT 2023"]
[Source "ChessBase"]
[SourceDate "2022.10.05"]
[SourceVersion "1"]
[SourceVersionDate "2022.10.05"]
[SourceQuality "1"]

1. g4 d5 2. Bg2 e5 3. c4 d4 4. Qb3 c6 5. d3 Bd6 6. Nd2 Nd7 7. Ne4 Bc7 8. Nf3 Ngf6 9. Bg5 h6 10. Bh4 g5 11. Nxf6+ Qxf6 12. Bg3 Ba5+ 13. Nd2 Rb8 14. Qa3 Bxd2+ 15. Kxd2 a6 16. Raf1 Qe6 17. h3 Rf8 18. e3 dxe3+ 19. fxe3 b5 20. cxb5 Rxb5 21. Rc1 c5 22. b4 Qb6 23. bxc5 Qe6 24. d4 f5 25. gxf5 Rxf5 26. Be4 Rf7 27. d5 Qe7 28. d6 Qf8 29. c6 Rf2+ 30. Ke1 Rf3 31. Bg6+ 1-0

[Event "San Francisco TNM Spring op"]
[Site "San Francisco"]
[Date "2017.04.18"]
[Round "6"]
[White "Wonsever, James"]
[Black "Erickson, Lane Austin"]
[Result "1-0"]
[WhiteElo "1827"]
[BlackElo "1645"]
[PlyCount "44"]
[EventDate "2017.03.14"]
[EventType "swiss"]
[EventRounds "8"]
[EventCountry "USA"]
[SourceTitle "EXT 2023"]
[Source "ChessBase"]
[SourceDate "2022.10.05"]
[SourceVersion "1"]
[SourceVersionDate "2022.10.05"]
[SourceQuality "1"]

1. e4 c5 2. Nf3 d6 3. d4 cxd4 4. Nxd4 Nf6 5. Nc3 a6 6. Bg5 Nbd7 7. Be2 Qa5 8. Qd2 b5 9. Nb3 Qb6 10. Bf3 Bb7 11. Be3 Qc7 12. Nd5 Nxd5 13. exd5 Ne5 14. Be4 a5 15. Nd4 b4 16. b3 Rc8 17. Bf5 Bxd5 18. Bxc8 Qxc8 19. f3 e6 20. a3 Qc3 21. Qxc3 bxc3 22. Nb5 a4 1-0

[Event "San Francisco TNM Winter op"]
[Site "San Francisco"]
[Date "2017.01.31"]
[Round "5"]
[White "Babayan, Gagik"]
[Black "Erickson, Lane Austin"]
[Result "1-0"]
[WhiteElo "1800"]
[BlackElo "1623"]
[PlyCount "37"]
[EventDate "2017.01.03"]
[EventType "swiss"]
[EventRounds "8"]
[EventCountry "USA"]
[SourceTitle "EXT 2018"]
[Source "ChessBase"]
[SourceDate "2017.10.13"]
[SourceVersion "1"]
[SourceVersionDate "2017.10.13"]
[SourceQuality "1"]

1. e4 c6 2. Nf3 d5 3. Nc3 dxe4 4. Nxe4 Nf6 5. Nxf6+ exf6 6. d4 Bg4 7. c3 Nd7 8. a4 c5 9. Be2 Bd6 10. 0-0 0-0 11. h3 Bh5 12. Nh4 Bxe2 13. Qxe2 cxd4 14. cxd4 Re8 15. Qg4 Nf8 16. Nf5 Ng6 17. h4 Bf8 18. h5 Ne7 19. Nh6+ 1-0

[Event "San Francisco TNM Fall op"]
[Site "San Francisco"]
[Date "2016.12.06"]
[Round "8"]
[White "Tuck, Drew"]
[Black "Erickson, Lane Austin"]
[Result "0-1"]
[WhiteElo "1341"]
[BlackElo "1558"]
[PlyCount "116"]
[EventDate "2016.10.18"]
[EventType "swiss"]
[EventRounds "9"]
[EventCountry "USA"]
[SourceTitle "EXT 2018"]
[Source "ChessBase"]
[SourceDate "2017.10.13"]
[SourceVersion "1"]
[SourceVersionDate "2017.10.13"]
[SourceQuality "1"]

1. e4 c6 2. d4 d5 3. exd5 cxd5 4. c4 Nf6 5. Nc3 Nc6 6. Bg5 Be6 7. Be2 g6 8. Bf3 Bf5 9. Bxf6 exf6 10. cxd5 Nb4 11. Qe2+ Qe7 12. Qxe7+ Bxe7 13. 0-0-0 Nd3+ 14. Rxd3 Bxd3 15. Nge2 0-0-0 16. Re1 f5 17. Kd2 Ba6 18. a3 Bg5+ 19. Kd1 Rhe8 20. b4 Bc4 21. Kc2 Rd7 22. Rd1 Kb8 23. Nc1 Rc8 24. N1e2 Bxd5 25. Bxd5 Rxd5 26. Rd3 Bf6 27. Kb3 Rd7 28. d5 a6 29. a4 g5 30. Rh3 h5 31. Rxh5 Rh8 32. Rxh8+ Bxh8 33. Kc4 Kc8 34. a5 Be5 35. Na4 Rc7+ 36. Kd3 Bd6 37. Nd4 Bxb4 38. Nb6+ Kd8 39. Nc4 f4 40. Nf3 f6 41. Nd4 Ke8 42. Ne6 Rh7 43. h3 f3 44. gxf3 Rxh3 45. Ke4 Rh4+ 46. Kd3 Rh1 47. Ke4 Ra1 48. Kf5 Ke7 49. f4 gxf4 50. Nxf4 Bxa5 51. Ng6+ Kd7 52. Kxf6 Bc3+ 53. Kf5 b5 54. Ne3 b4 55. Ne5+ Bxe5 56. Kxe5 b3 57. Nc4 Rc1 58. Nb2 Rc2 0-1

[Event "San Francisco TNM Summer op"]
[Site "San Francisco"]
[Date "2016.06.07"]
[Round "3"]
[White "Babayan, Gagik"]
[Black "Erickson, Lane Austin"]
[Result "0-1"]
[WhiteElo "1861"]
[BlackElo "1462"]
[PlyCount "42"]
[EventDate "2016.05.24"]
[EventType "swiss"]
[EventRounds "8"]
[EventCountry "USA"]
[SourceTitle "EXT 2018"]
[Source "ChessBase"]
[SourceDate "2017.10.13"]
[SourceVersion "1"]
[SourceVersionDate "2017.10.13"]
[SourceQuality "1"]

1. e4 c6 2. d4 d5 3. Nc3 dxe4 4. Nxe4 Nd7 5. Nf3 Ngf6 6. Nxf6+ Nxf6 7. Bc4 Bf5 8. Nh4 Bg6 9. Nxg6 hxg6 10. Be3 e6 11. f3 Bd6 12. h3 Bg3+ 13. Bf2 Bxf2+ 14. Kxf2 Nh5 15. g3 Qg5 16. Rg1 0-0-0 17. f4 Nxf4 18. gxf4 Qxf4+ 19. Kg2 Rxh3 20. Kxh3 Rh8+ 21. Kg2 Rh2# 0-1

[Event "San Francisco TNM Spring op"]
[Site "San Francisco"]
[Date "2016.03.22"]
[Round "2"]
[White "Boldi, Ethan Vaughn"]
[Black "Erickson, Lane Austin"]
[Result "1-0"]
[WhiteElo "1658"]
[BlackElo "1451"]
[PlyCount "71"]
[EventDate "2016.03.15"]
[EventType "swiss"]
[EventRounds "8"]
[EventCountry "USA"]
[SourceTitle "EXT 2018"]
[Source "ChessBase"]
[SourceDate "2017.10.13"]
[SourceVersion "1"]
[SourceVersionDate "2017.10.13"]
[SourceQuality "1"]

1. e4 Nf6 2. e5 Nd5 3. c4 Nb6 4. c5 Nd5 5. Bc4 e6 6. d4 d6 7. cxd6 cxd6 8. Nf3 Nb6 9. Bb3 dxe5 10. Nxe5 Bd6 11. Nf3 0-0 12. Bc2 Nd5 13. Nc3 Bb4 14. Bd2 Qa5 15. Rc1 Nxc3 16. bxc3 Bxc3 17. Bxh7+ Kxh7 18. Rxc3 Qxa2 19. Ng5+ Kg8 20. 0-0 f6 21. Ne4 Qd5 22. Qc2 Nc6 23. Be3 Nxd4 24. Bxd4 Qxd4 25. Rd1 Qb4 26. Rc7 f5 27. Nd6 Rd8 28. Nxc8 Rxd1+ 29. Qxd1 a5 30. Qd8+ Kh7 31. h3 a4 32. Qd1 Kh6 33. Nd6 a3 34. Rxb7 Qb2 35. Rxb2 axb2 36. Qd2+ 1-0